000 00222nam a2200097Ia 4500
005 20251222154322.0
008 251222s9999||||xx |||||||||||||| ||spa||
082 _a891.730.1/S17/Ej.2
245 0 _aCuentos rusos
942 _cLIB
999 _c33823
_d33823